Hilda la hipopótama (Record no. 18617)

MARC details
000 -LEADER
fixed length control field 00521nam a22001937a 4500
001 - CONTROL NUMBER
control field sjds170157
003 - CONTROL NUMBER IDENTIFIER
control field sjds
005 - DATE AND TIME OF LATEST TRANSACTION
control field 20170720153124.0
008 - FIXED-LENGTH DATA ELEMENTS--GENERAL INFORMATION
fixed length control field 170720b txu||||| |||| 00| 0 spa d
020 ## - INTERNATIONAL STANDARD BOOK NUMBER
International Standard Book Number 0915471027 (pbk.)
020 ## - INTERNATIONAL STANDARD BOOK NUMBER
International Standard Book Number 9780915471027 (pbk.)
040 ## - CATALOGING SOURCE
Transcribing agency sjds
041 ## - LANGUAGE CODE
Language code of text/sound track or separate title spa
100 1# - MAIN ENTRY--PERSONAL NAME
Relator code Vincent, Anne H.
245 ## - TITLE STATEMENT
Title Hilda la hipopótama
Statement of responsibility, etc. escrito por Anne H. Vincent.
260 ## - PUBLICATION, DISTRIBUTION, ETC. (IMPRINT)
Place of publication, distribution, etc. Dallas, Tex. :
Name of publisher, distributor, etc. Risas Pub. Corp.,
Date of publication, distribution, etc. c1984
300 ## - PHYSICAL DESCRIPTION
Extent [23] pages :
Other physical details illustrations ;
Dimensions 21 cm
942 ## - ADDED ENTRY ELEMENTS (KOHA)
Koha item type Libro/Book
Holdings
Withdrawn status Lost status Source of classification or shelving scheme Damaged status Not for loan Home library Current library Date acquired Total Checkouts Barcode Date last seen Price effective from Koha item type
    Dewey Decimal Classification     Barbudos -- Satellite Barbudos -- Satellite 20/07/2017   35801545 16/02/2022 20/07/2017 Libro/Book

Powered by Koha